|
|
|
|
| LEADER |
01003nam a2200277 i 4500 |
| 001 |
35902 |
| 005 |
20211201114731.0 |
| 008 |
211201t1977 enka b 000 0 eng |
| 999 |
|
|
|c 43338
|d 43338
|
| 010 |
|
|
|a 77368371
|
| 015 |
|
|
|a GB***
|
| 020 |
|
|
|a 0851171257 :
|c £6.00
|
| 040 |
|
|
|a DLC
|c DLC
|d DLC
|
| 050 |
0 |
0 |
|a BF575.H27
|b D4 1977
|
| 082 |
0 |
0 |
|a 210
|
| 100 |
1 |
|
|a De Bono, Edward,
|d 1933-
|9 43418
|
| 245 |
1 |
4 |
|a The happiness purpose /
|c Edward de Bono.
|
| 260 |
|
|
|a London :
|b Temple Smith,
|c 1977.
|
| 300 |
|
|
|a 232 pages :
|b illustrations ;
|c 23 cm.
|
| 504 |
|
|
|a Includes bibliographical references.
|
| 526 |
|
|
|a BIED
|
| 541 |
|
|
|a Complimentary copy from BIED
|e 35902
|
| 650 |
|
0 |
|a Happiness.
|9 43419
|
| 852 |
|
|
|a Ayesha Abed Library
|c BIED Collection
|
| 942 |
|
|
|2 ddc
|c BK
|
| 952 |
|
|
|0 0
|1 0
|2 ddc
|4 0
|6 210_000000000000000_DE
|7 0
|9 69524
|a BRACUL
|b BRACUL
|c GEN
|d 2021-12-01
|e Complimentary copy from BIED
|l 1
|o 210 DE
|p 3010035902
|r 2025-08-19
|s 2025-08-12
|t 1
|w 2021-12-01
|y BK
|x Transferred from BIED to General Stacks
|